Economa̕ del agua Escasez del agua y su demanda domštica e industrial en r̀eas urbanas /

Detalles Bibliográficos
Autor principal: Morales Novelo, Jorge Armando
Otros Autores: Rodrg̕uez Tapia, Lilia
Formato: eBook
Lenguaje:español
Publicado: Ciudad de Mx̌ico: Cm̀ara de Diputados, 2007
Materias:
Acceso en línea:Acceso restringido

MARC

LEADER 00000nam a22000007a 4500
005 2017112102542.0
007 cr|||| ||||
008 171121s2007 mx |||||s|||| 00||0 spa d
020 |a 978-970-701-958-4 
035 |a 20825 
040 |a vLex 
090 |c 7211  |d 7211 
100 1 |a Morales Novelo, Jorge Armando 
245 1 0 |a Economa̕ del agua  |h [Recurso electrn̤ico]:  |b Escasez del agua y su demanda domštica e industrial en r̀eas urbanas /  |c Jorge A. Morales Novelo; Lilia Rodrg̕uez Tapia  
256 |a Servicio en ln̕ea 
260 |a Ciudad de Mx̌ico:  |b Cm̀ara de Diputados,  |c 2007 
300 |a 1 recurso electrn̤ico 
506 1 |a Disponible solo en los productos indicados  |d vLex Global  |d vLex Global (Academic Edition, excluding Law Schools)  |d vLex Global (U.S. Academic Edition, Law Schools)  |d vLex Global (U.S. Academic Edition, excluding Law Schools)  |d vLex Global (Academic Edition, Law Schools) 
650 0 4 |a Medio Ambiente  |z Mx̌ico 
650 0 4 |a Urbanismo  |z Mx̌ico 
650 0 4 |a Aguas  |z Mx̌ico 
700 1 |a Rodrg̕uez Tapia, Lilia 
740 0 |a vLex Libros (Servicio en ln̕ea) 
856 4 0 |u http://vlex.com/source/economia-agua-20825  |z Acceso restringido 
942 |c BOOK 
999 0 |a  Environment 
999 0 |a City planning